Alle Bundesliga Meister - Statistiken

Allgemein
  • Dieses Quiz wurde 455 mal gespielt
    263 seit der letzten Aktualisierung
  • Das Durchschnittsergebnis liegt bei 10 aus 13
Antwortstatistiken
Anzahl Antwort % Korrekt
5 Borussia Dortmund
100%
32 Bayern München
99%
3 Hamburger SV
88%
4 SV Werder Bremen
88%
3 VfB Stuttgart
82%
5 Borussia Mönchengladbach
80%
2 1. FC Köln
78%
2 1. FC Kaiserslautern
73%
1 1. FC Nürnberg
70%
1 VfL Wolfsburg
67%
1 Bayer Leverkusen
59%
1 TSV 1860 München
40%
1 Eintracht Braunschweig
35%
Keine übereinstimmenden Quizze gefunden
Verteilung der Resultate
Anzahl Personen mit jedem Resultat
Perzentil nach korrekt beantworteten Fragen
Ihre Resultats-Entwicklung
Sie haben dieses Quiz seit der letzten Aktualisierung nicht gespielt